| 000 | 00616nam a2200229Ia 4500 | ||
|---|---|---|---|
| 008 | 160803s9999 xx 000 0 und d | ||
| 020 | _a9780590162432 | ||
| 100 | _aRobinson, Barbara | ||
| 245 | 4 | _aThe best Christmas pageant ever / | |
| 245 | _cby Barbara Robinson. | ||
| 260 | _aNew York : | ||
| 260 | _bScholastic Inc. | ||
| 260 | _c2009 | ||
| 300 | _a108 pages ; | ||
| 300 | _c18 cm | ||
| 500 | _aOriginally published: New York : HarperCollins Publishers, c1972. | ||
| 650 | _aBrothers and sisters -- | ||
| 650 | _aChristmas -- | ||
| 650 | _xFiction. | ||
| 650 | _xFiction. | ||
| 700 | _a900 | ||
| 999 |
_c298597 _d298597 |
||